| 000 | 00393nam a22001457a 4500 | ||
|---|---|---|---|
| 003 | SGT | ||
| 082 |
_a610.73 _bS08I |
||
| 100 | _aINDIAN NURSING COUNCIL | ||
| 245 | _aSYLLABUS & REGULATIONS NURSE PRACTITIONER IN MIDWIFERY POST BASIC DIPLOMA | ||
| 260 |
_aINDIA _bINDIAN NURSING COUNCIL _c2008 |
||
| 300 | _a38 | ||
| 650 | _aNURSING SYLLABUS | ||
| 653 | _aNURSING SYLLABUS | ||
| 942 |
_2ddc _cBK |
||
| 999 |
_c22433 _d22433 |
||